| 000 | nam a22 a 4500 | ||
|---|---|---|---|
| 999 |
_c3239 _d3239 |
||
| 005 | 20170522092842.0 | ||
| 008 | 170522b1986 -us||||| |||| 00| 0 eng d | ||
| 020 | _a0675207533 | ||
| 040 | _aAKMAL | ||
| 082 | 0 | 4 | _a658.4012 DAV |
| 090 |
_a658.4012 _bDAV |
||
| 100 |
_aDavid, Fred R _96642 |
||
| 245 | _aCases In Strategic Management | ||
| 260 |
_aAuburn University _bMerril Publishing Company _c1986 |
||
| 300 |
_a501p _c24cm |
||
| 942 |
_2ddc _cBOOK |
||